000 00434nam a2200157Ia 4500
008 140429s9999 xx 000 0 und d
020 _a9789712720840
050 _aPL 5539.D23
_b.D159n 2008
100 _aDalisay, Jose
245 _aSoledad's Sister :
_ba novel /
_cJose Dalisay.
260 _aManila :
_bAnvil Pub.,
_cc2008.
300 _a194 p. :
_c22 cm.
650 _aPhilippine fiction.
942 _kLOC
_cBK
999 _c115741
_d115741